Political theory : (Record no. 4673)

MARC details
000 -LEADER
fixed length control field 00554cam a2200205ua 4500
001 - CONTROL NUMBER
control field 5498
005 - DATE AND TIME OF LATEST TRANSACTION
control field 20260515113909.0
008 - FIXED-LENGTH DATA ELEMENTS--GENERAL INFORMATION
fixed length control field 131001n ii |||gr||||Z||||||eng
020 ## - INTERNATIONAL STANDARD BOOK NUMBER
International Standard Book Number 978-93-81667-00-2
040 ## - CATALOGING SOURCE
Transcribing agency MAIN
082 ## - DEWEY DECIMAL CLASSIFICATION NUMBER
Classification number 320.5
245 13 - TITLE STATEMENT
Title Political theory :
Remainder of title issues, concepts and debates /
Statement of responsibility, etc. ed by Akhil Ranjan Dutta .
250 ## - EDITION STATEMENT
Edition statement 1st.
260 ## - PUBLICATION, DISTRIBUTION, ETC.
Place of publication, distribution, etc. Guwahati:
Name of publisher, distributor, etc. Arun prakashan,
Date of publication, distribution, etc. 2011.
300 ## - PHYSICAL DESCRIPTION
Extent x, 326p.
653 ## - INDEX TERM--UNCONTROLLED
Uncontrolled term Political science
653 ## - INDEX TERM--UNCONTROLLED
Uncontrolled term Political theory
700 ## - ADDED ENTRY--PERSONAL NAME
Personal name Dutta, Akhil Ranjan,
Relator term Editor.,
942 ## - ADDED ENTRY ELEMENTS (KOHA)
Koha item type Books
Holdings
Withdrawn status Lost status Damaged status Not for loan Home library Current library Shelving location Date acquired Total checkouts Full call number Barcode Date last seen Date last checked out Copy number Price effective from Koha item type
        Naharkatiya College Library Naharkatiya College Library General stacks 09/19/2020 9 320.5 | POL 21966 06/15/2024 05/22/2024 1 09/19/2020 Books